00657nam a2200193Ia 4500008004100000020001800041082001700059100002300076245008800099250000700187260004100194300002500235500001900260600001500279650001500294942000700309952013000316999001700446240925s9999 xx 000 0 und d a9780070621046 a658.4038 NAT aNatrajan, GAnesh. 0aUnleashing the knowledge force: harnessing knowledge for building global companies. aNA aNew Delhi:bTata McGraw Hillc,2007. a731p.bN.AfOriginal aIncludes Index aManagement aManagement cBK 001040708MANaUITUbUITUd2021-03-16eParamount Book Pvt Ltdl0o658.4038 NATpQ15188r2024-09-25 07:17:37w2024-09-25yBK c17687d17687